[Event "Victoria Grand Pacific op 9th"]
[Site "Victoria"]
[Date "2015.04.03"]
[Round "1"]
[White "Samy, Mahmoud"]
[Black "Moore, Harry"]
[Result "0-1"]
[WhiteElo "2174"]
[BlackElo "2174"]
[PlyCount "60"]
[EventDate "2015.04.03"]
[EventType "swiss"]
[EventRounds "6"]
[EventCountry "CAN"]
[SourceTitle "CBM 166 Extra"]
[Source "ChessBase"]
[SourceDate "2015.06.18"]
[SourceVersion "1"]
[SourceVersionDate "2015.06.18"]
[SourceQuality "1"]

1. d4 Nf6 2. c4 e6 3. e3 d5 4. Nf3 c6 5. Nc3 Nbd7 6. Bd3 dxc4 7. Bxc4 b5 8. Bd3 Bb7 9. a3 a6 10. b4 Bd6 11. Bb2 0-0 12. 0-0 e5 13. Ne4 Nxe4 14. Bxe4 f5 15. Bc2 e4 16. Bb3+ Kh8 17. Nd2 Nf6 18. f4 exf3 19. Nxf3 Ng4 20. Qd2 Qe7 21. Rae1 Rae8 22. Bc1 Bb8 23. h3 Nf6 24. Qd3 Ne4 25. Rd1 Qd6 26. Bb2 Qg3 27. Ne5 Ng5 28. Rxf5 c5 29. e4 Nxh3+ 30. Kf1 Rxf5+ 0-1